000 01066nam a2200325 i 4500
003 EG-GICUC
005 20260206043753.0
008 260109s1995 ua |||fr|||| 00| 0 d
017 _a10911/1995
020 _a9770415693
040 _a EG-GICUC
_bara
_c EG-GICUC
_d EG-GICUC
_erda
041 0 _aAra
082 0 4 _221
_a343.7
_bش ر . ع
092 0 4 _221
099 _aLaw1 10 343.7 ش ر . ع 1995
100 0 _aشريف سيد كامل
_eمؤلف.
245 1 0 _aعلم العقاب /
_cتأليف دكتور شريف سيد كامل.
264 1 _aالقاهرة :
_bدار النهضة العربية،
_c1995.
300 _a402 صفحة؛
_c24 سم.
336 _2rda content
_atext
337 _2rda media
_aComputer
338 _2rda carrier
_aOnline Resource
546 _aالنص باللغة العربية
650 1 _aعلم العقاب
_2qrmak
650 1 _aالقانون الجنائى
_2qrmak
651 1 _2qrmak
856 4 0 _uhttps://fll.law.cu.edu.eg/fulltext/bks/B10-07494.pdf
905 _a54
_eYara
942 _2ddc
_cBK
_e21
_n0
999 _c55715
_d55715